[Event "PARDUBICE OPEN  2007 "]
[Site "CEZ arena,  Pardubice  (CZE)"]
[Date "2007.07.26"]
[Round "7"]
[White "Kononenko, Dmitry"]
[Black "Orzech, Dominik"]
[Result "1/2-1/2"]
[WhiteElo "2501"]
[BlackElo "2394"]
[PlyCount "50"]
[EventDate "2007.07.20"]

1. e4 c6 2. d4 d5 3. Nc3 dxe4 4. Nxe4 Bf5 5. Ng3 Bg6 6. h4 h6 7. Nf3 Nf6 8. h5
Bh7 9. Bd3 Bxd3 10. Qxd3 e6 11. Bd2 c5 12. O-O-O Nc6 13. Bc3 Qd5 14. dxc5 Qxd3
15. cxd3 Bxc5 16. Bxf6 gxf6 17. d4 Bb6 18. d5 Ne7 19. dxe6 fxe6 20. Ne4 Nd5 21.
Nd4 Bxd4 22. Rxd4 Ke7 23. g4 Rac8+ 24. Kd2 Rc6 25. Rc1 Rhc8 1/2-1/2

[Event "PARDUBICE OPEN  2007 "]
[Site "CEZ arena,  Pardubice  (CZE)"]
[Date "2007.07.26"]
[Round "7"]
[White "Bromberger, Stefan"]
[Black "Netzer, Jean"]
[Result "0-1"]
[WhiteElo "2500"]
[BlackElo "2383"]
[PlyCount "56"]
[EventDate "2007.07.20"]

1. e4 c5 2. Nf3 d6 3. d4 Nf6 4. Nc3 cxd4 5. Nxd4 a6 6. Bg5 e6 7. f4 Be7 8. Qf3
h6 9. Bh4 g5 10. fxg5 Nfd7 11. Nxe6 fxe6 12. Qh5+ Kf8 13. Bb5 Rh7 14. O-O+ Kg8
15. g6 Rg7 16. Rf7 Bxh4 17. Qxh6 Rxf7 18. gxf7+ Kxf7 19. Rf1+ Bf6 20. e5 dxe5
21. Ne4 Qb6+ 22. Kh1 axb5 23. Nxf6 Ke7 24. Qh4 Nxf6 25. Qxf6+ Kd6 26. Rd1+ Kc6
27. Qxe5 Qc5 28. Qe4+ Kb6 0-1

[Event "PARDUBICE OPEN  2007 "]
[Site "CEZ arena,  Pardubice  (CZE)"]
[Date "2007.07.26"]
[Round "7"]
[White "Schebler, Gerhard"]
[Black "Biriukov, Oleg"]
[Result "1-0"]
[WhiteElo "2496"]
[BlackElo "2382"]
[PlyCount "95"]
[EventDate "2007.07.20"]

1. Nf3 d5 2. c4 d4 3. c5 Nc6 4. Qa4 f6 5. b4 e5 6. e3 Be6 7. b5 Nce7 8. Na3
dxe3 9. dxe3 Ng6 10. Bc4 Bxc4 11. Qxc4 Qe7 12. O-O Qxc5 13. Qe6+ Be7 14. Rd1
Nf8 15. Qb3 Qb4 16. Qc2 Ne6 17. Rb1 Qg4 18. Nc4 Nc5 19. Ba3 b6 20. Bxc5 Bxc5
21. Na5 Ne7 22. Nb7 Bd6 23. Nxd6+ cxd6 24. Rxd6 Rc8 25. Qd3 Kf7 26. e4 Rc7 27.
h3 Qc8 28. Qb3+ Ke8 29. Rbd1 Rf8 30. Kh2 Ng6 31. Qd5 Ke7 32. g3 Re8 33. Ne1 Nh8
34. Qd3 Nf7 35. Rd5 Rd8 36. Ng2 Rc3 37. Qe2 Rxd5 38. exd5 Rc2 39. Qd3 Ng5 40.
d6+ Kd8 41. d7 Qc5 42. Qb3 Qc4 43. Qa3 Ne6 44. Qxa7 Nd4 45. Qxb6+ Kxd7 46. Qb7+
Qc7 47. Qd5+ Qd6 48. Rxd4 1-0

[Event "PARDUBICE OPEN  2007 "]
[Site "CEZ arena,  Pardubice  (CZE)"]
[Date "2007.07.26"]
[Round "7"]
[White "Henrichs, Thomas"]
[Black "Nun, Jiri"]
[Result "1/2-1/2"]
[WhiteElo "2496"]
[BlackElo "2366"]
[PlyCount "65"]
[EventDate "2007.07.20"]

1. e4 c5 2. Nf3 Nc6 3. d4 cxd4 4. Nxd4 Nf6 5. Nc3 e5 6. Ndb5 d6 7. Bg5 a6 8.
Na3 b5 9. Nd5 Be7 10. Bxf6 Bxf6 11. c3 Bb7 12. Nc2 Ne7 13. Nxf6+ gxf6 14. Bd3
d5 15. Qe2 Qb6 16. O-O-O Rd8 17. Rhe1 Ng6 18. g3 O-O 19. f3 dxe4 20. Bxe4 Bxe4
21. fxe4 Qe6 22. Nb4 Ne7 23. Qf3 Rxd1+ 24. Rxd1 Rb8 25. Qe3 Rc8 26. Kb1 a5 27.
Nd5 Nxd5 28. exd5 Qd6 29. Qa7 a4 30. Qe3 Rc5 31. Qf3 Kf8 32. a3 Ke7 33. Qe4
1/2-1/2

[Event "PARDUBICE OPEN  2007 "]
[Site "CEZ arena,  Pardubice  (CZE)"]
[Date "2007.07.26"]
[Round "7"]
[White "Thiede, Lars"]
[Black "Grekh, Andrij"]
[Result "0-1"]
[WhiteElo "2489"]
[BlackElo "2355"]
[PlyCount "100"]
[EventDate "2007.07.20"]

1. g3 c5 2. c4 Nf6 3. Bg2 d5 4. cxd5 Nxd5 5. Nc3 Nc7 6. d3 e5 7. a3 Be7 8. Be3
O-O 9. Rc1 Ne6 10. Nf3 Nc6 11. O-O Ned4 12. Na4 Qa5 13. Bxd4 Nxd4 14. Nxe5 Be6
15. Nc3 Rad8 16. Qe1 Qa6 17. f4 f6 18. Nf3 Qb6 19. Nxd4 cxd4 20. Ne4 Qxb2 21.
Rb1 Qxa3 22. Ra1 Qb2 23. Rxa7 Bd5 24. Qd2 Qb6 25. Qa5 Qc6 26. f5 Kh8 27. Qa1
Qc2 28. Qd1 Qc8 29. Nd2 Bc5 30. Ra1 Rfe8 31. Rc1 b6 32. g4 Qb8 33. Bxd5 Rxd5
34. Kg2 Qe5 35. Rf2 Bd6 36. Kh1 Rc5 37. Rxc5 Qxc5 38. Qf1 Qe5 39. Qg2 b5 40.
Qc6 Rb8 41. g5 fxg5 42. Nf3 Qf4 43. Rg2 g4 44. Nd2 Be5 45. Ne4 Qf1+ 46. Rg1
Qxe2 47. Rg2 Qf1+ 48. Rg1 Qxf5 49. Qd5 Qf3+ 50. Rg2 Rc8 0-1

[Event "PARDUBICE OPEN  2007 "]
[Site "CEZ arena,  Pardubice  (CZE)"]
[Date "2007.07.26"]
[Round "7"]
[White "Garcia, Castro Pablo"]
[Black "Maiorov, Nikita"]
[Result "0-1"]
[WhiteElo "2405"]
[BlackElo "2487"]
[PlyCount "108"]
[EventDate "2007.07.20"]

1. Nf3 Nf6 2. g3 d5 3. Bg2 c6 4. d3 Bg4 5. O-O Nbd7 6. Qe1 e5 7. e4 dxe4 8.
dxe4 Bc5 9. a4 O-O 10. Na3 Re8 11. Nc4 Qc7 12. b4 Bf8 13. Bb2 b5 14. Ne3 Be6
15. Ng5 Nb6 16. Nxe6 Rxe6 17. axb5 cxb5 18. Nd5 Qxc2 19. Bc3 Nbxd5 20. exd5
Ree8 21. Ra6 Rad8 22. Qa1 Nxd5 23. Bxe5 Nxb4 24. Rxa7 Bc5 25. Rc7 Nd3 26. Bd4
Bxd4 27. Rxc2 Bxa1 28. Rxa1 Re1+ 29. Rxe1 Nxe1 30. Rb2 Nxg2 31. Kxg2 Rb8 32.
Rb4 Kf8 33. Kf3 Ke7 34. Ke4 Kd6 35. Kd3 Kc5 36. Kc3 Rb6 37. Rh4 Rh6 38. Rf4 Rf6
39. Rh4 b4+ 40. Kd3 Rd6+ 41. Kc2 Rh6 42. Rg4 Rxh2 43. Rg5+ Kd4 44. Rg4+ Kd5 45.
Rf4 f6 46. Kb3 Kc5 47. g4 Rh3+ 48. f3 Rh1 49. Rf5+ Kd4 50. Kxb4 Rb1+ 51. Ka5
Ke3 52. g5 fxg5 53. Rxg5 g6 54. Rg3 Rh1 0-1

[Event "PARDUBICE OPEN  2007 "]
[Site "CEZ arena,  Pardubice  (CZE)"]
[Date "2007.07.26"]
[Round "7"]
[White "Wirig, Anthony"]
[Black "Dinger, Florian"]
[Result "1-0"]
[WhiteElo "2487"]
[BlackElo "2332"]
[PlyCount "163"]
[EventDate "2007.07.20"]

1. d4 Nf6 2. Nf3 e6 3. c4 b6 4. g3 Ba6 5. Qc2 c5 6. d5 exd5 7. cxd5 d6 8. Nc3
g6 9. Bg2 Bg7 10. O-O O-O 11. Rb1 b5 12. b4 Nbd7 13. bxc5 dxc5 14. Nxb5 Nxd5
15. Bd2 Rb8 16. a4 Qe7 17. Rfd1 Bxb5 18. axb5 N7b6 19. e4 Nc7 20. Bg5 f6 21.
Bf4 Rbd8 22. Qa2+ Ne6 23. Bh3 c4 24. Rxd8 Rxd8 25. Bxe6+ Qxe6 26. Qxa7 Rd3 27.
Qb8+ Bf8 28. Ne1 Rb3 29. Rd1 Nd7 30. Qd8 g5 31. Be3 Ne5 32. Bc5 Ng6 33. Bxf8
Nxf8 34. Qd4 Rxb5 35. Rc1 f5 36. exf5 Rxf5 37. Ng2 Rd5 38. Qb2 Rc5 39. Ne3 c3
40. Rxc3 Rxc3 41. Qxc3 Ng6 42. Qa5 Ne5 43. Qa8+ Kf7 44. Qe4 Ng6 45. Qb7+ Ne7
46. Qf3+ Kg6 47. h4 gxh4 48. Ng2 Kg7 49. Nxh4 Qf6 50. Qg4+ Kf8 51. Nf3 Qf5 52.
Qxf5+ Nxf5 53. Kg2 Kg7 54. Kh3 h5 55. Nh4 Nd4 56. Kg2 Kf6 57. f3 Ne6 58. Kf2
Nd4 59. Ke3 Ne6 60. Ng2 Kg5 61. Ke4 Kf6 62. Nf4 Ng7 63. Nd5+ Kg5 64. Ne3 Kf6
65. f4 Ne8 66. Nd5+ Kg6 67. Ke5 Ng7 68. Ne7+ Kf7 69. Nf5 Ne8 70. Nh4 Ng7 71. f5
Ne8 72. Nf3 Nf6 73. Ng5+ Ke7 74. Ne4 Nh7 75. f6+ Kf7 76. Kf5 h4 77. gxh4 Nf8
78. Ng5+ Kg8 79. h5 Kh8 80. Ne6 Nd7 81. f7 Kh7 82. f8=Q 1-0

[Event "PARDUBICE OPEN  2007 "]
[Site "CEZ arena,  Pardubice  (CZE)"]
[Date "2007.07.26"]
[Round "7"]
[White "Stopa, Jacek"]
[Black "Vasjukov, Evgeni"]
[Result "0-1"]
[WhiteElo "2400"]
[BlackElo "2486"]
[PlyCount "68"]
[EventDate "2007.07.20"]

1. g3 e5 2. Bg2 f5 3. d4 e4 4. d5 Bc5 5. Nd2 Nf6 6. Nb3 Bb6 7. d6 Nc6 8. Nh3
cxd6 9. Qxd6 Bc7 10. Qa3 d5 11. Bf4 Bxf4 12. Nxf4 g5 13. Nh3 h6 14. O-O-O Qe7
15. Qxe7+ Kxe7 16. f4 Rg8 17. e3 Ng4 18. Kd2 Be6 19. Bf1 Rad8 20. c3 gxf4 21.
gxf4 d4 22. Nxd4 Bxa2 23. Ra1 Be6 24. Bb5 Nxd4 25. cxd4 Rd6 26. Rxa7 Rb6 27.
Ra5 Rd8 28. b4 Rd5 29. Bc4 Rxa5 30. bxa5 Rb4 31. Bxe6 Kxe6 32. Kc3 Ra4 33. Rb1
Rxa5 34. Rxb7 Ra3+ 0-1

[Event "PARDUBICE OPEN  2007 "]
[Site "CEZ arena,  Pardubice  (CZE)"]
[Date "2007.07.26"]
[Round "7"]
[White "Potapov, Alexander"]
[Black "Baryshpolets, Andriy"]
[Result "1-0"]
[WhiteElo "2480"]
[BlackElo "2307"]
[PlyCount "83"]
[EventDate "2007.07.20"]

1. d4 Nf6 2. c4 g6 3. Nc3 Bg7 4. e4 d6 5. h3 O-O 6. Bg5 c5 7. d5 e6 8. Bd3 exd5
9. cxd5 Bd7 10. a4 Na6 11. Nf3 Nb4 12. Bb1 Re8 13. O-O a6 14. Qd2 b5 15. Qf4
Qe7 16. Rd1 Nh5 17. Qd2 f6 18. Be3 f5 19. exf5 gxf5 20. Ng5 Rf8 21. Re1 Qf6 22.
Qd1 Qg6 23. g4 Nf6 24. Ne6 Bxe6 25. dxe6 Ne4 26. Nxe4 fxe4 27. e7 Rfe8 28. Bxc5
Nd3 29. Bxd3 exd3 30. Bb4 Rac8 31. Qb3+ Rc4 32. Rad1 d5 33. Re3 bxa4 34. Qxa4
Qf7 35. Rdxd3 Bf6 36. Qa5 d4 37. Rf3 Qe6 38. b3 Rc1+ 39. Kg2 Bxe7 40. Bxe7 Qxe7
41. Qd5+ Qe6 42. Qg5+ 1-0

[Event "PARDUBICE OPEN  2007 "]
[Site "CEZ arena,  Pardubice  (CZE)"]
[Date "2007.07.26"]
[Round "7"]
[White "Ismagambetov, Anuar"]
[Black "Pletnev, Evgeniy"]
[Result "1-0"]
[WhiteElo "2479"]
[BlackElo "2291"]
[PlyCount "85"]
[EventDate "2007.07.20"]

1. e4 c5 2. Nf3 d6 3. d4 cxd4 4. Nxd4 Nf6 5. Nc3 g6 6. Be3 Bg7 7. f3 O-O 8. Qd2
Nc6 9. O-O-O d5 10. exd5 Nxd5 11. Nxc6 bxc6 12. Bd4 e5 13. Bc5 Be6 14. Ne4 Re8
15. h4 h6 16. g4 Rb8 17. g5 Nf4 18. Qc3 Bd5 19. Bc4 Ne6 20. Bd6 Nd4 21. Bxb8
Qxb8 22. h5 hxg5 23. hxg6 f6 24. Kb1 Qd8 25. Ng3 Bxc4 26. Qxc4+ Qd5 27. Qxd5+
cxd5 28. Rh7 Nxf3 29. Nh5 Bh8 30. Rxa7 e4 31. g7 Bxg7 32. Rxg7+ Kf8 33. Rh7 e3
34. Rh8+ Kf7 35. Rxe8 Kxe8 36. Ng3 f5 37. Rxd5 f4 38. Ne2 Kf7 39. a4 Kf6 40.
Kc1 Ne5 41. Kd1 f3 42. Ng3 g4 43. Ke1 1-0

[Event "PARDUBICE OPEN  2007 "]
[Site "CEZ arena,  Pardubice  (CZE)"]
[Date "2007.07.26"]
[Round "7"]
[White "Spirin, Oleg"]
[Black "Boskovic, Drasko"]
[Result "1-0"]
[WhiteElo "2356"]
[BlackElo "2473"]
[PlyCount "45"]
[EventDate "2007.07.20"]

1. d4 Nf6 2. c4 c5 3. d5 e6 4. Nc3 exd5 5. cxd5 d6 6. Nf3 g6 7. g3 Bg7 8. Bg2
O-O 9. O-O a6 10. a4 Nbd7 11. Bf4 Qe7 12. h3 Rb8 13. Rb1 Ne8 14. Bg5 Bf6 15.
Bxf6 Nexf6 16. b4 cxb4 17. Rxb4 Nc5 18. Qd2 Bd7 19. a5 Rbc8 20. Re1 Be8 21. Qh6
Kh8 22. Ng5 Rg8 23. Rf4 1-0

[Event "PARDUBICE OPEN  2007 "]
[Site "CEZ arena,  Pardubice  (CZE)"]
[Date "2007.07.26"]
[Round "7"]
[White "Sodoma, Jan"]
[Black "Pakhomov, Alexey"]
[Result "1/2-1/2"]
[WhiteElo "2334"]
[BlackElo "2473"]
[PlyCount "47"]
[EventDate "2007.07.20"]

1. e4 d5 2. exd5 Qxd5 3. Nc3 Qa5 4. d4 Nf6 5. Bc4 c6 6. Nf3 Bf5 7. Bd2 e6 8.
Qe2 Bb4 9. Ne5 Nbd7 10. Nxd7 Kxd7 11. O-O-O Nd5 12. Bxd5 cxd5 13. g4 Bg6 14. f4
Rac8 15. Rhf1 Bxc3 16. Bxc3 Qa6 17. Qxa6 bxa6 18. Rd2 Be4 19. Bb4 h5 20. g5 Rb8
21. Bc5 Rb7 22. Re1 Rhb8 23. c4 f5 24. cxd5 1/2-1/2

[Event "PARDUBICE OPEN  2007 "]
[Site "CEZ arena,  Pardubice  (CZE)"]
[Date "2007.07.26"]
[Round "7"]
[White "Krejci, Jan"]
[Black "Voloshin, Leonid"]
[Result "1/2-1/2"]
[WhiteElo "2315"]
[BlackElo "2462"]
[PlyCount "50"]
[EventDate "2007.07.20"]

1. e4 g6 2. d4 Bg7 3. Nf3 c6 4. Bc4 d5 5. Bb3 Bg4 6. h3 Bxf3 7. Qxf3 e6 8. exd5
cxd5 9. O-O Nc6 10. c3 Nge7 11. Bg5 h6 12. Bf4 O-O 13. Nd2 Rc8 14. Rfe1 Nf5 15.
Rac1 Qf6 16. Bh2 Rfd8 17. Bc2 Nd6 18. Qe2 Qe7 19. Bd3 a6 20. Nf3 Ne8 21. Bf4
Nf6 22. Ne5 Nxe5 23. dxe5 Nd7 24. Qe3 Kh7 25. Qg3 Rc6 1/2-1/2

[Event "PARDUBICE OPEN  2007 "]
[Site "CEZ arena,  Pardubice  (CZE)"]
[Date "2007.07.26"]
[Round "7"]
[White "Podolchenko, Evgeniy"]
[Black "Beinoras, Mindaugas"]
[Result "1-0"]
[WhiteElo "2458"]
[BlackElo "2223"]
[PlyCount "119"]
[EventDate "2007.07.20"]

1. d4 d5 2. c4 c6 3. Nf3 Nf6 4. Nc3 dxc4 5. a4 Bf5 6. Ne5 Nbd7 7. Nxc4 Qc7 8.
g3 e5 9. dxe5 Nxe5 10. Bf4 Nfd7 11. Bg2 f6 12. O-O Be6 13. Nxe5 fxe5 14. Bg5 h6
15. Be3 Bc5 16. Bxc5 Nxc5 17. b4 Nb3 18. Rb1 Rd8 19. Nd5 cxd5 20. Qxb3 O-O 21.
Rbc1 Qd6 22. Qb2 Rf7 23. a5 Rc7 24. Rxc7 Qxc7 25. Rc1 Qd6 26. Rc5 b6 27. axb6
axb6 28. Rc1 Rc8 29. Rxc8+ Bxc8 30. Qa2 Be6 31. h3 e4 32. Qb2 Bf7 33. e3 Qf6
34. Qc1 Be8 35. Qc7 Bb5 36. Qb7 Qc6 37. Qb8+ Kf7 38. h4 Be2 39. Kh2 h5 40. Qe5
Bg4 41. Bh3 Bxh3 42. Qxh5+ g6 43. Qh7+ Kf6 44. Kxh3 Qc4 45. Qh8+ Kf7 46. Qb2
Qf1+ 47. Kh2 Ke6 48. Qc2 Qc4 49. Qd2 Qf1 50. g4 Qd3 51. Qe1 Kd6 52. Qa1 Qe2 53.
Qf6+ Kc7 54. Qf7+ Kb8 55. Qf4+ Kb7 56. h5 gxh5 57. g5 Ka6 58. g6 Qb2 59. Kg2
Qg7 60. Qf7 1-0

[Event "PARDUBICE OPEN  2007 "]
[Site "CEZ arena,  Pardubice  (CZE)"]
[Date "2007.07.26"]
[Round "7"]
[White "Sidorenko, Ilya"]
[Black "Markgraf, Alexander"]
[Result "1/2-1/2"]
[WhiteElo "2256"]
[BlackElo "2452"]
[PlyCount "110"]
[EventDate "2007.07.20"]

1. e4 c5 2. Nf3 e6 3. Nc3 Nc6 4. d4 cxd4 5. Nxd4 Qc7 6. Be2 a6 7. O-O Nf6 8. a4
Bb4 9. Bg5 Qe5 10. Nf3 Qa5 11. Bd3 Be7 12. h3 d6 13. Be3 Qc7 14. Nd2 b6 15. f4
O-O 16. Nc4 Rb8 17. Qf3 Na5 18. Nxa5 bxa5 19. Rab1 Nd7 20. Qf2 Rb4 21. Ne2 Nc5
22. Bxc5 dxc5 23. b3 e5 24. Bc4 Be6 25. Nc3 exf4 26. Nd5 Bxd5 27. exd5 Bd6 28.
c3 Rbb8 29. Rfe1 Be5 30. Qf3 Qd6 31. Rbd1 Rfe8 32. Qd3 Rbd8 33. Bxa6 Qf6 34.
Bb5 Re7 35. Qf3 Kf8 36. Kh1 g6 37. Rd3 Rd6 38. Re4 Rd8 39. b4 cxb4 40. cxb4
axb4 41. Rxb4 Bd6 42. Rb1 Rb8 43. Rf1 Qe5 44. Rdd1 Qb2 45. Rfe1 Rbb7 46. Rb1
Qd2 47. Qd1 Qc3 48. Rc1 Qg3 49. Rxe7 Rxe7 50. Qf3 Re1+ 51. Rxe1 Qxe1+ 52. Qf1
Qe5 53. Qf3 Bc5 54. Qd1 Bb4 55. Be2 Kg7 1/2-1/2

[Event "PARDUBICE OPEN  2007 "]
[Site "CEZ arena,  Pardubice  (CZE)"]
[Date "2007.07.26"]
[Round "7"]
[White "Kuznetsov, Viktor"]
[Black "Otte, Marco"]
[Result "1-0"]
[WhiteElo "2448"]
[BlackElo "2216"]
[PlyCount "122"]
[EventDate "2007.07.20"]

1. e4 c5 2. Nf3 d6 3. d4 cxd4 4. Nxd4 Nf6 5. Nc3 a6 6. Bg5 Nbd7 7. f4 g6 8. Qf3
Qc7 9. O-O-O Bg7 10. Be2 O-O 11. g4 e5 12. fxe5 dxe5 13. Nb3 h6 14. Rxd7 Nxd7
15. Nd5 Qb8 16. Be7 b5 17. Na5 Bb7 18. Bxf8 Kxf8 19. Nxb7 Qxb7 20. Qd3 Kg8 21.
Rf1 Bf8 22. Qh3 Kg7 23. g5 hxg5 24. Bg4 Ra7 25. Be6 f6 26. Qf3 Qc6 27. Bxd7
Rxd7 28. Nxf6 Rc7 29. c3 Qe6 30. Nd5 Rc8 31. Qe3 Bc5 32. Qxg5 Rf8 33. Rxf8 Bxf8
34. h4 Kh7 35. Kc2 Bh6 36. Qd8 Bg7 37. Kb3 Qg4 38. Qe7 Kh6 39. Nf6 Bxf6 40.
Qxf6 Qc8 41. Kb4 Qc4+ 42. Ka5 Qxa2+ 43. Kb6 Qg8 44. Qg5+ Kh7 45. Qxe5 Qb3 46.
Qe7+ Kh8 47. h5 gxh5 48. Qe5+ Kh7 49. Qxh5+ Kg7 50. Qe5+ Kg6 51. Qg3+ Kf7 52.
Qf2+ Ke8 53. Kxa6 b4 54. Qd4 bxc3 55. bxc3 Qa3+ 56. Kb6 Qb2+ 57. Kc6 Kf7 58. e5
Qa2 59. Kd7 Qa6 60. Qf4+ Kg8 61. Qg5+ Kh7 1-0

[Event "PARDUBICE OPEN  2007 "]
[Site "CEZ arena,  Pardubice  (CZE)"]
[Date "2007.07.26"]
[Round "7"]
[White "Weber, Christoph"]
[Black "Kryakvin, Dmitry"]
[Result "1/2-1/2"]
[WhiteElo "2131"]
[BlackElo "2554"]
[PlyCount "60"]
[EventDate "2007.07.20"]

1. e4 c5 2. Nf3 d6 3. d4 cxd4 4. Nxd4 Nf6 5. Nc3 Nc6 6. Bg5 e6 7. Qd2 Be7 8.
O-O-O O-O 9. f4 h6 10. Bh4 Nxd4 11. Qxd4 Qa5 12. Bc4 e5 13. fxe5 dxe5 14. Qd3
Qc5 15. Bxf6 Bxf6 16. Nd5 Bg5+ 17. Kb1 Be6 18. h4 Bd8 19. g4 Bxg4 20. Rdf1 Kh8
21. Rhg1 f5 22. b4 Qd6 23. exf5 h5 24. f6 Bxf6 25. Qg6 Be7 26. Nxe7 Qxe7 27.
Rxf8+ Rxf8 28. Rxg4 Qxb4+ 29. Ka1 Qc3+ 30. Kb1 Qb4+ 1/2-1/2

[Event "PARDUBICE OPEN  2007 "]
[Site "CEZ arena,  Pardubice  (CZE)"]
[Date "2007.07.26"]
[Round "7"]
[White "Chetverik, Maxim"]
[Black "Zakhartsov, Viacheslav"]
[Result "0-1"]
[WhiteElo "2347"]
[BlackElo "2559"]
[PlyCount "64"]
[EventDate "2007.07.20"]

1. d4 Nf6 2. c4 e6 3. Nf3 b6 4. g3 Ba6 5. Qa4 Bb7 6. Bg2 c5 7. O-O cxd4 8. Nxd4
Bxg2 9. Kxg2 Qc8 10. f3 Qb7 11. Rd1 a6 12. Nc3 Be7 13. Bg5 h6 14. Bxf6 Bxf6 15.
Ne4 Be7 16. Qb3 Ra7 17. Rac1 O-O 18. c5 bxc5 19. Nxc5 Qa8 20. Qa4 Rc7 21. Nd3
Rfc8 22. Rxc7 Rxc7 23. Rc1 Rxc1 24. Nxc1 Qb7 25. Nd3 Bf6 26. Nb3 Qa7 27. Nbc5
Bxb2 28. Nxd7 Nxd7 29. Nxb2 Nf6 30. Nc4 Qd4 31. Qb3 Nd5 32. e3 Qxc4 0-1

[Event "PARDUBICE OPEN  2007 "]
[Site "CEZ arena,  Pardubice  (CZE)"]
[Date "2007.07.26"]
[Round "7"]
[White "Jedynak, Radoslaw"]
[Black "Lavrov, Maxim"]
[Result "1/2-1/2"]
[WhiteElo "2540"]
[BlackElo "2345"]
[PlyCount "99"]
[EventDate "2007.07.20"]

1. d4 Nf6 2. c4 g6 3. Nc3 Bg7 4. e4 d6 5. Nf3 O-O 6. Be2 e5 7. O-O Nc6 8. d5
Ne7 9. Ne1 Nd7 10. Nd3 f5 11. f3 f4 12. Bd2 g5 13. Qc2 h5 14. h3 Nf6 15. Nf2 g4
16. fxg4 hxg4 17. hxg4 Nh7 18. Nh3 Ng6 19. Nd1 Bf6 20. a4 Bh4 21. Ra3 a5 22.
Be1 Bxe1 23. Rxe1 Qh4 24. Ndf2 b6 25. Kh2 Ng5 26. Qd1 Bd7 27. Rh1 Nxh3 28. Nxh3
Kg7 29. Kg1 Rh8 30. Nf2 Qg5 31. Rah3 Rh4 32. Rxh4 Nxh4 33. b3 Rh8 34. Bf3 Ng6
35. Rxh8 Nxh8 36. Qd2 Nf7 37. b4 axb4 38. Qxb4 Qd8 39. a5 bxa5 40. Qxa5 Qb8 41.
Qe1 Qd8 42. Qa1 Qb8 43. Nh3 Kg6 44. Qe1 Qh8 45. Qc3 Qh4 46. Nf2 Ng5 47. Kf1 Qh8
48. Be2 Qb8 49. Bd3 Qb6 50. Bc2 1/2-1/2

[Event "PARDUBICE OPEN  2007 "]
[Site "CEZ arena,  Pardubice  (CZE)"]
[Date "2007.07.26"]
[Round "7"]
[White "Zhigalko, Andrey"]
[Black "Jorczik, Julian Marcel"]
[Result "1-0"]
[WhiteElo "2529"]
[BlackElo "2333"]
[PlyCount "85"]
[EventDate "2007.07.20"]

1. d4 Nf6 2. c4 c5 3. d5 e6 4. Nc3 exd5 5. cxd5 d6 6. e4 g6 7. Nge2 Bg7 8. Ng3
O-O 9. Be2 b6 10. O-O Ba6 11. Nb5 h5 12. f3 h4 13. Nh1 Nh5 14. g4 hxg3 15. hxg3
f5 16. a4 Bc8 17. exf5 gxf5 18. Kg2 a6 19. Nc3 Ra7 20. f4 Nf6 21. Nf2 Qe8 22.
Qc2 Qg6 23. Bf3 Bh6 24. Rh1 Rg7 25. Rh3 Ne4 26. Ne2 a5 27. Be3 Na6 28. Rah1 Nb4
29. Qd1 Rh7 30. Nc3 Nf6 31. Nb5 Ng4 32. Bxg4 fxg4 33. Rh4 Bf5 34. Nc3 Qe8 35.
Rxh6 Rxh6 36. Rxh6 Qxe3 37. Nxg4 Qd4 38. Nf2 Qxd1 39. Nfxd1 Nxd5 40. Rxd6 Nxc3
41. Nxc3 Rb8 42. Kf3 Kf7 43. g4 1-0

[Event "PARDUBICE OPEN  2007 "]
[Site "CEZ arena,  Pardubice  (CZE)"]
[Date "2007.07.26"]
[Round "7"]
[White "Jansa, Vlastimil"]
[Black "Gjuran, Denis"]
[Result "1-0"]
[WhiteElo "2494"]
[BlackElo "2332"]
[PlyCount "83"]
[EventDate "2007.07.20"]

1. e4 c5 2. Nf3 e6 3. Nc3 a6 4. g3 Nc6 5. Bg2 Qc7 6. O-O Nf6 7. Re1 d6 8. d4
cxd4 9. Nxd4 Bd7 10. Nxc6 bxc6 11. Na4 Be7 12. c4 O-O 13. b3 c5 14. e5 dxe5 15.
Bxa8 Rxa8 16. Bb2 e4 17. Nc3 Bc6 18. Qe2 h5 19. Nd1 Rd8 20. Ne3 Rd3 21. Rad1
Bb7 22. Bxf6 Bxf6 23. Qxh5 Qd6 24. h3 Bc3 25. Rf1 Bd2 26. Kg2 g6 27. Qe2 f5 28.
Kh2 Kg7 29. Rg1 e5 30. Nd5 Bxd5 31. Rxd2 Bxc4 32. Rgd1 Bb5 33. a4 Rxd2 34. Qxd2
Bd3 35. Qe3 Qf6 36. Qxc5 f4 37. g4 Kh6 38. Kg1 Kh7 39. b4 Qh4 40. Qxe5 e3 41.
Qxf4 e2 42. Rc1 1-0

[Event "PARDUBICE OPEN  2007 "]
[Site "CEZ arena,  Pardubice  (CZE)"]
[Date "2007.07.26"]
[Round "7"]
[White "Panchanathan, Magesh"]
[Black "Muzychuk, Mariya"]
[Result "1-0"]
[WhiteElo "2486"]
[BlackElo "2330"]
[PlyCount "145"]
[EventDate "2007.07.20"]

1. e4 c5 2. Nf3 e6 3. d4 cxd4 4. Nxd4 a6 5. Bd3 Bc5 6. Nb3 Ba7 7. O-O Nc6 8. c4
d6 9. Nc3 Nge7 10. Qe2 O-O 11. Be3 e5 12. Rfd1 Be6 13. Bxa7 Rxa7 14. Qe3 Qb8
15. Be2 f5 16. Qd2 Rd8 17. exf5 Nxf5 18. Bg4 Kh8 19. Bxf5 Bxf5 20. Rac1 b6 21.
Qe3 Ne7 22. Ne4 Rad7 23. Ng5 Bg6 24. Nf3 Qb7 25. Nbd2 Nf5 26. Qg5 e4 27. Nh4
Nxh4 28. Qxh4 d5 29. Re1 Rf8 30. cxd5 Qxd5 31. Nc4 Rdf7 32. Red1 Qh5 33. Qxh5
Bxh5 34. Rd5 Be2 35. Ne3 Bd3 36. f3 h6 37. Rd4 Re8 38. h3 a5 39. b3 Ba6 40.
Rxe4 Rxe4 41. fxe4 Re7 42. Rc6 Rxe4 43. Rxb6 Rxe3 44. Rxa6 Re5 45. Kf2 Kh7 46.
Kf3 h5 47. g4 g6 48. Kf4 Rc5 49. Rb6 hxg4 50. hxg4 a4 51. b4 g5+ 52. Ke4 Rc2
53. a3 Rc3 54. Kf5 Rxa3 55. Kxg5 Rf3 56. Rb7+ Kg8 57. Ra7 a3 58. Kg6 Kf8 59. g5
Rb3 60. b5 Ke8 61. Kh6 Rh3+ 62. Kg7 Rd3 63. b6 Rd7+ 64. Kh6 Rd6+ 65. g6 Rxb6
66. Rxa3 Kf8 67. Ra8+ Ke7 68. Kh7 Rb1 69. g7 Rh1+ 70. Kg8 Rh3 71. Ra4 Re3 72.
Rh4 Kf6 73. Kh8 1-0

[Event "PARDUBICE OPEN  2007 "]
[Site "CEZ arena,  Pardubice  (CZE)"]
[Date "2007.07.26"]
[Round "7"]
[White "Orlov, Andrey"]
[Black "Pileckis, Emilis"]
[Result "1/2-1/2"]
[WhiteElo "2477"]
[BlackElo "2326"]
[PlyCount "71"]
[EventDate "2007.07.20"]

1. e4 c5 2. Nf3 Nc6 3. Nc3 e5 4. Bc4 Be7 5. d3 d6 6. O-O Nf6 7. Ng5 O-O 8. f4
exf4 9. Bxf4 Nd4 10. Qd2 h6 11. Nf3 Bg4 12. Nxd4 cxd4 13. Nd5 Nxd5 14. Bxd5 Be6
15. Bxe6 fxe6 16. Qb4 Qb6 17. Qc4 Rf6 18. Bg3 Kh8 19. Rxf6 Bxf6 20. Qxe6 Qxb2
21. Rf1 Be5 22. Bxe5 dxe5 23. Qxe5 Qxc2 24. Qxd4 Qxa2 25. Qd7 Qb2 26. h3 Qb6+
27. Kh1 Rd8 28. Qg4 Qd4 29. Rf7 b5 30. Qf5 b4 31. e5 b3 32. Rxg7 Kxg7 33. Qf6+
Kg8 34. Qg6+ Kf8 35. Qf6+ Ke8 36. Qe6+ 1/2-1/2

[Event "PARDUBICE OPEN  2007 "]
[Site "CEZ arena,  Pardubice  (CZE)"]
[Date "2007.07.26"]
[Round "7"]
[White "Michielsen, Joost"]
[Black "Kim, Alexey"]
[Result "0-1"]
[WhiteElo "2314"]
[BlackElo "2445"]
[PlyCount "74"]
[EventDate "2007.07.20"]

1. e4 c5 2. Nf3 Nc6 3. d4 cxd4 4. Nxd4 Nf6 5. Nc3 d6 6. Bg5 Qb6 7. Nb3 e6 8.
Qd2 Be7 9. O-O-O a6 10. f3 Qc7 11. Be3 O-O 12. g4 b5 13. g5 Nd7 14. f4 Nc5 15.
Nxc5 dxc5 16. e5 Rd8 17. Qe1 Bb7 18. Bg2 Rxd1+ 19. Qxd1 Rd8 20. Qe1 Nd4 21. Ne4
Nf5 22. Rg1 c4 23. Bd2 b4 24. Bxb4 Bxb4 25. Qxb4 Bxe4 26. Bxe4 Qa7 27. Qe1 Ne3
28. Qe2 c3 29. Re1 Qb6 30. bxc3 Qc5 31. Bd3 Qa3+ 32. Kd2 Nc4+ 33. Kd1 Qxc3 34.
Qg2 Nb2+ 35. Ke2 Nxd3 36. cxd3 Qxd3+ 37. Kf2 Qd2+ 0-1

[Event "PARDUBICE OPEN  2007 "]
[Site "CEZ arena,  Pardubice  (CZE)"]
[Date "2007.07.26"]
[Round "7"]
[White "Swinkels, Robin"]
[Black "Pena, Gomez Manuel"]
[Result "1-0"]
[WhiteElo "2440"]
[BlackElo "2324"]
[PlyCount "135"]
[EventDate "2007.07.20"]

1. e4 c5 2. Nf3 d6 3. d4 cxd4 4. Nxd4 Nf6 5. Nc3 a6 6. Be3 e5 7. Nf3 Qc7 8. a4
Be7 9. a5 Be6 10. Be2 O-O 11. O-O Nbd7 12. Ng5 Qc6 13. Qb1 Rfe8 14. Rd1 Rac8
15. Ra4 Nc5 16. Rb4 Bd8 17. Qa1 Nfd7 18. Nxe6 fxe6 19. Qa2 Qc7 20. Rc4 b5 21.
axb6 Nxb6 22. Rb4 Nbd7 23. Bxc5 dxc5 24. Ra4 Nb6 25. Rxa6 c4 26. Qa5 Rb8 27.
Ra7 Qc6 28. Qxe5 Bf6 29. Qg3 Qc5 30. Rc7 Qa5 31. f4 Nd5 32. Rxc4 Qb6+ 33. Qf2
Nxf4 34. Qxb6 Rxb6 35. Na4 Rbb8 36. Bg4 h5 37. Bf3 g5 38. g3 Nh3+ 39. Kg2 g4
40. Bxg4 hxg4 41. e5 Bxe5 42. Rxg4+ Kf7 43. Kxh3 Bxb2 44. Nxb2 Rxb2 45. Rd7+
Kf6 46. Rf4+ Ke5 47. Rc7 Kd6 48. Rfc4 e5 49. Rc8 Re7 50. Rd8+ Ke6 51. Kg4 Rg7+
52. Kf3 Ra2 53. Rc6+ Ke7 54. Rc7+ Kxd8 55. Rxg7 Rxc2 56. h4 Rc1 57. Rg5 Re1 58.
Kf2 Re4 59. Kf3 Re1 60. Kf2 Re4 61. h5 Ke7 62. h6 Rb4 63. h7 Rb2+ 64. Kg1 Rb1+
65. Kg2 Kf6 66. h8=Q+ Kxg5 67. Qxe5+ Kh6 68. Qf6+ 1-0